000 00517nam a2200193Ia 4500
008 151119s9999||||xx |||||||||||||| ||und||
082 _a891.463
082 _bGKKV2648
100 _aटागोर रवींद्रनाथ
245 _aविभा
260 _a--
260 _b--
260 _c1992
600 _aटागोर रवींद्रनाथ
630 _aविभा
700 _aटागोर रवींद्रनाथ
730 _aविभा
942 _cBOOK
999 _c1058535
_d1058532